meilleurs buteurs du FC Barcelone par saison - Statistiques

Statistiques générales
  • Ce quiz a été pris 1 484 fois
    734 depuis la dernière actualisation
  • Le résultat moyen est 19 sur 24
Statistiques - réponses
Année nombres de buts joueur % Correct
2008-2009 38 Lionel Messi
100%
2009-2010 47 Lionel Messi
100%
2010-2011 53 Lionel Messi
100%
2011-2012 73 Lionel Messi
100%
2012-2013 68 Lionel Messi
100%
2013-2014 41 Lionel Messi
100%
2014-2015 58 Lionel Messi
100%
2016-2017 54 Lionel Messi
100%
2017-2018 45 Lionel Messi
100%
2018-2019 51 Lionel Messi
100%
2019-2020 30 Lionel Messi
100%
2020-2021 38 Lionel Messi
100%
2015-2016 59 Luis Suarèz
96%
2022-2023 33 Robert lewandowski
93%
2004-2005 29 Samuel Eto'o
76%
2005-2006 34 Samuel Eto'o
76%
2003-2004 22 Ronaldinho
75%
2006-2007 24 Ronaldinho
75%
2007-2008 19 thierry Henry
61%
2021-2022 13 Pierre-Emerick Aubameyang
52%
2000-2001 36 Rivaldo
44%
2001-2002 25 Patrick Kluivert
17%
2002-2003 21 Patrick Kluivert
17%
2023-2024 26 Robert Lewandovski
0%
Aucun quiz correspondant
Distribution des résultats
% des personnes avec chaque résultat
Percentile par nombre de réponses
Votre historique - résultats
Vous n’avez pas pris ce quiz depuis la dernière actualisation